000 00602nam a2200181 a 4500
008 120416s1988 ||||||||||||||||| || u
020 _a0075494914
050 _aHF 5691 Zim
100 _aZima, Petr
245 1 0 _aMathematics of finance
250 _a3rd.ed
260 _aToronto
_bMcGraw-Hill
_c1988
300 _a[4] 279p. : ill
350 _a0.00
650 0 _aFINANCE--DEVELOPING COUNTRIES
650 _aFINANCE--MATHEMATICAL MODELS
995 _D0.00
_FCBU-MAIN LIBRARY (Kitwe)
_H1
_I19.95
_M1
_UAVAILABLE
_ZMain Library Open Access Collection
999 _c50742
_d50742